000 00527 a2200157 4500
082 _aBEE-5
100 _aMuhammad Ali
245 _aReconnaissance Robot
_cMuhammad Ali
260 _aIslamabad
_bNUST-SEECS
_c2012
300 _a62p.
_b;ill.
_c;27cm.+
_eCD ROM
500 _aSupervisors: Dr. Tauseef Tauqeer, Mr. Khubab Ahmed, Mr. Saleem Iftikhar
563 _aHB
700 _aShan ur Rehman, Sajid Maqbool, Mian Adil Majeed
_992663
856 _uhttp://10.250.8.41:8080/xmlui/handle/123456789/3956
942 _cPR
_kBEE-5 ALI
_2ddc
999 _c11311
_d11311